| 000 | 00811nam a22002297a 4500 | ||
|---|---|---|---|
| 999 |
_c7674 _d7674 |
||
| 003 | AR-CdUCM | ||
| 008 | 190321b ||||| |||| 00| 0 spa d | ||
| 040 |
_aMUNICIPALIDAD PROVINCIAL DEL CUSCO _cBIBLIOTECA MUNICIPAL DEL CUSCO |
||
| 041 | _heng | ||
| 082 |
_a574.5 / _bS97 |
||
| 100 |
_aSutton, David B. _921675 |
||
| 245 | _aFundamentos de ecología / | ||
| 260 |
_aMéxico : _bLimusa, _c1976. |
||
| 300 |
_a293 páginas ; _bIlustraciones, _c25 cm. |
||
| 440 |
_aInstrucción programada limusa. _921676 |
||
| 500 | _aTitulo original: Ecology: Selected concepts. | ||
| 505 | _aNaturaleza de los ecosistemas -- La energía en los ecosistemas -- Ciclo ecológicos -- Ecología de las poblaciones ... | ||
| 650 |
_aEcología _94960 |
||
| 700 |
_aHarmon, Paul N. _921677 |
||
| 942 |
_2ddc _cLIBROS |
||
| 945 | _aacv | ||